Cultura, política y práctica educativa /

Bibliographic Details
Main Author: Giroux, Henry A.
Format: Libro
Language:Spanish
Published: Barcelona, España GRAî 2001
Edition:1a.ed.
Series:Biblioteca de aula 158
Subjects:
Online Access:

MARC

LEADER 00000cam a2200000 a 4500
001 035207
003 UAHC_CL
005 20170803123833.0
008 050303b2001 sp 000 spa
020 |a 8478272526 
040 |a UAHC_CL  |c UAHC_CL  |d UAHC_CL 
100 1 |a Giroux, Henry A. 
245 1 0 |a Cultura, política y práctica educativa /  |c Henry A. Giroux. 
250 |a 1a.ed. 
260 |c 2001  |a Barcelona, España  |b GRAî 
300 |a 141 p. 
490 0 |a Biblioteca de aula  |v 158 
650 4 |a POLITICA Y CULTURA  |z ESTADOS UNIDOS 
650 4 |a MULTICULTURALISMO  |z ESTADOS UNIDOS 
651 4 |a ESTADOS UNIDOS  |x CIVILIZACION  |y 1970- 
653 |a DOCTORADO EN EDUCACION / MECESUP 
900 |a M306.2 GIR 
942 |c BK 
952 |0 0  |1 0  |4 0  |6 M_306_200000000000000_GIR  |7 0  |8 General  |9 66941  |a BR  |b BR  |c General  |d 2017-08-03  |l 5  |o M306.2 GIR  |p 1378153  |r 2026-01-13 00:00:00  |s 2023-10-04  |t 1  |w 2017-08-03  |y BK 
999 |c 35207  |d 35207